00000000nas 2200000zi 4500
0019.944959
003CaOODSP
00520250410151252
006m     o  d f      
007cr cn ||||||||
008241107d19731980oncar p o    f0    0eng|d
040 |aCaOODSP|beng|erda|cCaOODSP
0410 |aeng|afre
043 |an-cn---
0861 |aNR1-1-PDF
1102 |aNational Research Council Canada.|eauthor, |eissuing body.
24510|aReport of the President / |cNational Research Council Canada = Rapport du Président / Conseil national de recherches Canada.
24631|aRapport du Président
264 1|aOttawa, Ont. : |bNational Research Council of Canada, |c[1973-1980]
310 |aAnnual
336 |atext|btxt|2rdacontent
337 |acomputer|bc|2rdamedia
338 |aonline resource|bcr|2rdacarrier
3621 |aBegan with: 1972/1973; ceased with: 1979/1980.
546 |aText in English and French.
588 |aDescription based on: 1972/1973; title from PDF title page.
588 |aLatest issue consulted: 1979/1980.
61020|aNational Research Council Canada|vPeriodicals.
650 0|aResearch|zCanada|vPeriodicals.
650 0|aResearch, Industrial|zCanada|vPeriodicals.
655 7|aPeriodicals|2lcgft
78000|tReport of the President / |w(CaOODSP)9.944909
78500|tAnnual report.|w(CaOODSP)9.949949
788 |tReport of the President / |efre|w(CaOODSP)9.944958